Responses for Show #56 - Monday, November 26, 1984

Contestants

[<< previous game]

Sara Maikowski, a grocery store cashier originally from The Bronx

Leland Kennedy, an industrial sculptor from La Mesa, California

Richard Landon, a restaurant manager from Santa Cruz, California (whose 3-day cash winnings total $27,400)

[next game >>]

Jeopardy! Round responses

AFRICA
FOOD
FIRST AID
NUMBER PLEASE
BEN FRANKLIN
TRIVIA
    $100 1
the Pygmies

Richard
    $100 11
(Alex: There was a groan out of the audience on that one.)

grapes

Richard
    $100 18
an antidote

Leland
    $100 6
13

Richard
    $100 26
bifocals

Sara
    $100 12
(Sara: What are major-domos?)
...
(Alex: There's a difference between a [*] and a major-domo.)

butlers

Sara
Triple Stumper
    $200 2
apartheid

Richard
    $200 16
devilled

Richard
    $200 19
a cold compress

Richard
    $200 7
48

Richard
    $200 27
Poor Richard('s Almanack)

Sara
    $200 13
"99 Bottles Of Beer On The Wall"

Richard
    $300 3
(Leland: What is Zimbabwe?)

Tanzania

RichardLeland
    $300 17
au jus

Leland
    $300 20
a tetanus shot

Richard
    $300 8
(Alex: You were doing the math in your head while you were answering, I know.)

144

Richard
    $300 28
slavery

Sara
    $300 14
potpourri

Sara
    $400 4
Lake Victoria

Richard
    $400 24
caraway seeds

Sara
    $400 21
the Heimlich maneuver

Richard
    $1,000 9
(Richard: What is 177?)

186

Richard
    $400 29
(Richard: [no response])
...
[The end-of-round signal sounds.]

Postmaster General

Richard
Triple Stumper
    $400 15
(Richard: [no response])

Ronald Reagan

Richard
Triple Stumper
    $500 5
the Mau Maus

Richard
    $500 25
sweetbreads

Sara
    $500 22
cardiopulmonary resuscitation

Richard
    $500 10
the 80s (or 80-89)

Sara
    $500 23
a typewriter

Richard

Scores at the first commercial break (after clue 10):

Richard Leland Sara
$1,100 -$300 $500

Scores at the end of the Jeopardy! Round:

Richard Leland Sara
$2,700 $100 $2,200

Double Jeopardy! Round responses

GRAMMAR
WORLD OF FASHION
ART
U.S. GEOGRAPHY
TV DETECTIVES
BIOLOGY
    $200 12
nor

Sara
    $200 10
(Alex: Correctamente.)
(Sara: Gracias.)

a sombrero

Sara
    $200 9
(Leland: What would be, uh, obscura?)

a still life

LelandSara
    $200 6
Oklahoma

Leland
    $200 1
Burt Reynolds

Richard
    $400 14
whew

Richard
    $400 11
a sarong

Leland
    $400 5
Texas

Richard
    $400 7
(Richard: Who is Barnaby Jones?)
(Alex: Barnaby Jones? ... We can't accept that.)

Buddy Ebsen

RichardLeland
    $400 22
[The end-of-round signal sounds.]

an organ

Richard
    $600 15
an exclamation mark

Leland
    $600 13
his head

Richard
    $700 2
(1 of) Connecticut and Vermont

Richard
    $500 8
(the) Hill Street (station)

Leland
    $600 17
blood

Richard
    $800 3
the Cumberland Gap

Richard
    $800 16
Loni Anderson

Richard
    $800 18
a microscope

Richard
    $1000 20
(Richard: What is the preceding clause?)

the antecedent

RichardLeland
    $1000 4
(Richard: What is Stone Mountain?)
(Alex: Wrong. ... Stone Mountain is not a range. It sits out there all by itself.)

the Blue Ridge Mountains

Richard
Triple Stumper
    $1000 21
Fish

Sara
    $1000 19
(Leland: What is outside the body?)
...
(Alex: [*]. Yes, that's way outside the body, Leland.)

space

RichardLeland

Scores at the end of the Double Jeopardy! Round:

Richard Leland Sara
$7,000 $2,000 $3,800

[wagering suggestions for these scores]

Final Jeopardy! Round responses

BUSINESS & INDUSTRY
LelandWhat is Japan
$1,995
SaraWhat is Italy?
$1,200
RichardWhat is the USA?
$3,000
Japan

Final scores:

Richard Leland Sara
$4,000 $3,995 $2,600
4-day champion: $31,400 2nd place: a typewriter + an encyclopedia 3rd place: a car stereo

Game dynamics:

Coryat scores:

Richard Leland Sara
$7,900 $2,100 $3,800
27 R
(including 1 DD),
6 W
(including 1 DD)
8 R
(including 1 DD),
3 W
11 R,
1 W

Combined Coryat: $13,800

[game clues] [game scores] [suggest correction]

Game tape date: 1984-09-12
The J! Archive is created by fans, for fans. Scraping, republication, monetization, and malicious use prohibited; this site may use cookies and collect identifying information. See terms. The Jeopardy! game show and all elements thereof, including but not limited to copyright and trademark thereto, are the property of Jeopardy Productions, Inc. and are protected under law. This website is not affiliated with, sponsored by, or operated by Jeopardy Productions, Inc. Join the discussion at JBoard.tv.